000 00643nam a2200181Ia 4500
003 GCL
008 140319s9999 xx 000 0 ara d
040 _aGCL /
_cGCL
082 0 4 _a956.906
_bم ط
100 1 _aمصطفى كمال
245 1 0 _aالطريق الى جنيف ومخططات الصهيونية (هدية من الاديب عبدالفتاح الجمل) /
_cمصطفى كمال
300 _a103 ص
490 _aالهيئة العامة للاستعلامات
_v0
650 0 4 _aالاحوال السياسية
650 0 4 _aالنزاع العربى الاسرائيلى
650 0 4 _aمؤتمر جنيف
942 _2ddc
_cBK
999 _c46947
_d46947